000 00779nam a22002175i 4500
001 166398
003 ES-MaACL
005 20260316165934.0
008 050914s1886 fr | |||||||| ||fre d
040 _aCAM
_bspa
_cCAM
100 1 _aTolstói, Lev,
_d1828-1910
_9110489
245 1 0 _aDeux générations /
_cComte Léon Tolstoï; traduction de E. Halpérine.
250 _a5e éd.
260 _aParis :
_bPerrin et c\pie\s libraires-éditeurs,
_c1886 (
_ePoitiers :
_fImprimerie Générale de l'Ouest)
300 _a260 p. ;
_c19 cm.
700 1 _aGal'perin-Kaminskij, Il'â Danilovic,
_d1858-1936
_etrad.
_9127773
752 _aFrancia -
_dParís
852 _aES-MaACL
_jF-10069
_z-- Enc. hol. conservando la cub. original
999 _c166398
_d166398